| 000 | 00759nam a2200253 a 4500 | ||
|---|---|---|---|
| 001 | 4836980 | ||
| 003 | OSt | ||
| 005 | 20230619104145.0 | ||
| 008 | 901017s1991 caua 001 0 eng | ||
| 010 | _a 90071672 | ||
| 020 |
_a0895887746 : _c$9.95 |
||
| 040 |
_aDLC _cDLC |
||
| 082 | 0 | 0 |
_a005.4/46 _220 _bSIM |
| 100 | 1 |
_aSimpson, Alan, _d1953- |
|
| 245 | 1 | 0 |
_aUp & running with DOS 5 / _cAlan Simpson. |
| 260 |
_aSan Francisco : _bSybex, _cc1991. |
||
| 300 |
_a163 p. : _bill. ; _c21 cm. |
||
| 500 | _aIncludes index. | ||
| 630 | 0 | 0 | _aMS-DOS (Computer file) |
| 740 | 0 | _aUp and running with DOS 5. | |
| 906 |
_a7 _bcbc _corignew _d3 _eopcn _f19 _gy-gencatlg |
||
| 942 |
_2ddc _cBK |
||
| 999 |
_c1212 _d1212 |
||